[Event "12. Süder Sommerpokal"]
[Site "Recklinghausen"]
[Date "2001.08.10"]
[Round "7"]
[White "Reinhold, Klaus"]
[Black "Jungbluth, Rolf"]
[Result "1/2-1/2"]
[WhiteElo "1931"]
[BlackElo "2156"]
[PlyCount "70"]
[EventDate "2001.??.??"]

1. d4 d5 2. c4 e6 3. Nf3 Nf6 4. g3 c6 5. Qc2 Bd6 6. Bg2 Nbd7 7. Nbd2 h6 8. O-O
O-O 9. b3 e5 10. cxd5 Nxd5 11. Nc4 Qe7 12. dxe5 Nxe5 13. Nfxe5 Bxe5 14. Ba3 Qf6
15. Nxe5 Qxe5 16. Bxf8 Kxf8 17. Qc5+ Qe7 18. Qxe7+ Nxe7 19. Rfd1 Be6 20. e4 f6
21. Rd6 Kf7 22. f4 f5 23. Rd2 a5 24. Rc1 fxe4 25. Bxe4 Bd5 26. Bxd5+ Nxd5 27.
Kf2 Ke6 28. Re2+ Kd6 29. a3 Ra6 30. Rd1 b5 31. Kf3 b4 32. a4 Ra7 33. f5 Kc5 34.
Re6 Rc7 35. Rde1 Kd4 1/2-1/2

[Event "12. Süder Sommerpokal"]
[Site "Recklinghausen"]
[Date "2001.08.10"]
[Round "7"]
[White "Wagner, Ralf"]
[Black "Blayvas, Jan"]
[Result "0-1"]
[WhiteElo "2089"]
[BlackElo "1912"]
[PlyCount "61"]
[EventDate "2001.??.??"]

1. e4 e6 2. d3 d5 3. Nd2 c5 4. Ngf3 Nc6 5. g3 Nge7 6. Bg2 g6 7. c3 Bg7 8. Qe2
O-O 9. O-O Qc7 10. Re1 Rb8 11. exd5 exd5 12. Nb3 Qb6 13. Bf4 Ra8 14. d4 cxd4
15. Nfxd4 Nxd4 16. Nxd4 Nc6 17. Nb5 Bg4 18. Qf1 d4 19. h3 Bf5 20. g4 Bc2 21.
Bc7 Qa6 22. Bd6 Rfd8 23. Qc4 dxc3 24. Qxf7+ Kxf7 25. Bd5+ Kf6 26. Re6+ Kg5 27.
Bg3 Rxd5 28. Nc7 Qc4 29. Nxd5 Qxd5 30. f4+ Kh6 31. Bh4 0-1

[Event "12. Süder Sommerpokal"]
[Site "Recklinghausen"]
[Date "2001.08.10"]
[Round "7"]
[White "Manthei, Michael"]
[Black "Bischof, Rainer"]
[Result "0-1"]
[WhiteElo "1874"]
[BlackElo "2081"]
[PlyCount "80"]
[EventDate "2001.??.??"]

1. b3 d5 2. Bb2 c5 3. e3 Bf5 4. Ne2 e6 5. Ng3 Bg6 6. Be2 Nf6 7. Nh5 Nxh5 8.
Bxh5 Nd7 9. d3 Nf6 10. Bf3 Be7 11. Nd2 Qc7 12. Qe2 e5 13. e4 d4 14. O-O O-O 15.
Rfe1 Nd7 16. Bg4 b5 17. Nf3 Nf6 18. Bh3 Bh5 19. Bc1 a5 20. a4 Rfb8 21. Bd2 c4
22. dxc4 bxc4 23. bxc4 Bb4 24. Red1 Bxd2 25. Rxd2 Rb4 26. Qd3 Bxf3 27. Qxf3
Rxc4 28. Qe2 Re8 29. f3 Qc6 30. g3 Rxa4 31. Rxa4 Qxa4 32. Qd3 Nd7 33. Bxd7 Qxd7
34. c3 Rd8 35. cxd4 Qa7 36. Kf1 exd4 37. Ke2 h6 38. Qb5 a4 39. Ra2 d3+ 40. Kf1
d2 0-1

[Event "12. Süder Sommerpokal"]
[Site "Recklinghausen"]
[Date "2001.08.10"]
[Round "7"]
[White "Czarnik, Josef"]
[Black "Diebig, Klaus"]
[Result "1/2-1/2"]
[WhiteElo "2068"]
[BlackElo "1849"]
[PlyCount "77"]
[EventDate "2001.??.??"]

1. e4 c5 2. Nf3 Nc6 3. d4 cxd4 4. Nxd4 Nf6 5. Nc3 e5 6. Ndb5 d6 7. Bg5 a6 8.
Na3 b5 9. Nd5 Be7 10. Bxf6 gxf6 11. Bd3 Be6 12. c4 bxc4 13. Nxc4 Bxd5 14. exd5
Nd4 15. Qh5 Rc8 16. O-O Rc5 17. Ne3 Qc8 18. f4 Qb8 19. fxe5 dxe5 20. Rae1 Qd6
21. Ng4 Rf8 22. Be4 Rg8 23. h3 Rg5 24. Qxh7 f5 25. Qh8+ Bf8 26. Nxe5 fxe4 27.
Nxf7 Rxg2+ 28. Kxg2 Rc2+ 29. Rf2 Rxf2+ 30. Kxf2 Qf4+ 31. Kg2 Qf3+ 32. Kg1 Qg3+
33. Kf1 Qd3+ 34. Kg2 Qd2+ 35. Kf1 Qf4+ 36. Kg2 Qf3+ 37. Kg1 Qg3+ 38. Kf1 Qf4+
39. Kg2 1/2-1/2

[Event "12. Süder Sommerpokal"]
[Site "Recklinghausen"]
[Date "2001.08.10"]
[Round "7"]
[White "Kotlar, Alfred"]
[Black "Herud, Martin"]
[Result "1/2-1/2"]
[WhiteElo "2057"]
[BlackElo "1800"]
[PlyCount "125"]
[EventDate "2001.??.??"]

1. e4 c5 2. f4 d5 3. exd5 Nf6 4. c4 e6 5. dxe6 Bxe6 6. Nf3 Nc6 7. Be2 Be7 8.
O-O O-O 9. d3 Bf5 10. h3 Nb4 11. Qb3 Qc7 12. a3 Nc6 13. Nc3 Rad8 14. Nd1 Rfe8
15. g4 Bd6 16. Qc2 Bxf4 17. Bxf4 Qxf4 18. Nf2 Qg3+ 19. Kh1 Re3 20. gxf5 Rxf3
21. Bxf3 Nd4 22. Ne4 Nxe4 23. Qg2 Qxg2+ 24. Kxg2 Nd2 25. Bd5 Nxf1 26. Rxf1 Re8
27. Be4 g6 28. fxg6 hxg6 29. Rf2 b6 30. b4 f5 31. Bd5+ Kg7 32. bxc5 bxc5 33.
Rb2 Re2+ 34. Rxe2 Nxe2 35. Kf3 Nd4+ 36. Kf4 Kf6 37. h4 a5 38. a4 Ne2+ 39. Ke3
Nc3 40. Bc6 Na2 41. Be8 Nb4 42. Kd2 g5 43. hxg5+ Kxg5 44. d4 cxd4 45. c5 Kf4
46. c6 Nd5 47. Bf7 Nc7 48. Kd3 Ke5 49. Bh5 Ne6 50. Bf7 Nc5+ 51. Kc4 Na6 52. Bh5
Ke4 53. Kb5 Nc7+ 54. Kb6 Nd5+ 55. Kc5 Ne7 56. c7 f4 57. Kd6 Nc8+ 58. Kc5 d3 59.
Bg4 d2 60. Bxc8 d1=Q 61. Bb7+ Ke3 62. c8=Q Qd4+ 63. Kb5 {Rest unklar} 1/2-1/2

[Event "12. Süder Sommerpokal"]
[Site "Recklinghausen"]
[Date "2001.08.10"]
[Round "7"]
[White "Otto, Michael"]
[Black "Niebius, Norbert"]
[Result "1-0"]
[WhiteElo "1796"]
[BlackElo "2028"]
[PlyCount "71"]
[EventDate "2001.??.??"]

1. e4 e6 2. d4 d5 3. exd5 exd5 4. Bd3 Qf6 5. Be3 Bd6 6. Qf3 c6 7. Nd2 h6 8. h3
b6 9. O-O-O Qxf3 10. Ngxf3 Ne7 11. Rhe1 O-O 12. Ne5 c5 13. c4 Bxe5 14. dxe5 d4
15. Bf4 Nbc6 16. a3 Bf5 17. Bxf5 Nxf5 18. g4 Nh4 19. Bg3 Ng6 20. f4 f6 21. exf6
gxf6 22. Re6 Rac8 23. Rde1 Kf7 24. Rd6 Kg7 25. h4 Rfd8 26. Ne4 f5 27. gxf5 Nf8
28. f6+ Kg6 29. f7+ Rxd6 30. Nxd6 Rd8 31. f5+ Kg7 32. Kd2 Rd7 33. Bf4 h5 34.
Rg1+ Kf6 35. Rg8 Ke7 36. Rxf8 1-0

[Event "12. Süder Sommerpokal"]
[Site "Recklinghausen"]
[Date "2001.08.10"]
[Round "7"]
[White "Gassmann, Volker"]
[Black "Stepa, Rainer"]
[Result "1-0"]
[WhiteElo "2188"]
[BlackElo "1793"]
[PlyCount "53"]
[EventDate "2001.??.??"]

1. d4 d5 2. c4 e6 3. Nc3 h6 4. Nf3 Nf6 5. e3 Nbd7 6. Bd3 dxc4 7. Bxc4 c5 8. O-O
cxd4 9. exd4 Nb6 10. Bb3 Be7 11. Bf4 Nfd5 12. Bg3 O-O 13. Re1 a6 14. a3 Bf6 15.
Ne4 Be7 16. Qd2 f5 17. Nc3 f4 18. Bxd5 fxg3 19. Ba2 gxf2+ 20. Qxf2 Nd5 21. Rad1
Nxc3 22. bxc3 Rf6 23. Qe3 Bxa3 24. Qe4 g6 25. Ne5 Kg7 26. Rf1 Be7 27. Rxf6 1-0

[Event "12. Süder Sommerpokal"]
[Site "Recklinghausen"]
[Date "2001.08.10"]
[Round "7"]
[White "Heckötter, Christian"]
[Black "Ünlü, Murat"]
[Result "1-0"]
[WhiteElo "1967"]
[BlackElo "1672"]
[PlyCount "67"]
[EventDate "2001.??.??"]

1. d4 c5 2. e3 g6 3. Nf3 Bg7 4. Bd3 Nf6 5. O-O Qc7 6. Nbd2 O-O 7. c4 b6 8. b3
d6 9. Bb2 cxd4 10. exd4 d5 11. Rc1 dxc4 12. Nxc4 Qd8 13. Nce5 Bb7 14. Re1 Nbd7
15. Nc6 Bxc6 16. Rxc6 e6 17. Ba3 Re8 18. Ba6 Nb8 19. Rc8 Qd5 20. Rxe8+ Nxe8 21.
Bc4 Qb7 22. d5 b5 23. Bf1 b4 24. Bc1 Nd7 25. dxe6 Nb6 26. exf7+ Qxf7 27. Be3
Kh8 28. Bd4 h6 29. Ne5 Qf6 30. Bd3 Kg8 31. Bxg6 Qg5 32. Bf7+ Kh8 33. Qf3 Bxe5
34. Rxe5 1-0

[Event "12. Süder Sommerpokal"]
[Site "Recklinghausen"]
[Date "2001.08.10"]
[Round "7"]
[White "Hellbing, Bernd"]
[Black "Rebber, Christian"]
[Result "0-1"]
[WhiteElo "1756"]
[BlackElo "2154"]
[PlyCount "62"]
[EventDate "2001.??.??"]

1. c4 Nf6 2. Nc3 c5 3. g3 Nc6 4. Bg2 g6 5. a3 Bg7 6. Rb1 a5 7. e4 O-O 8. Nge2
d6 9. O-O Ne8 10. d3 Nc7 11. Be3 Rb8 12. d4 cxd4 13. Nxd4 Nxd4 14. Bxd4 Bxd4
15. Qxd4 b5 16. e5 bxc4 17. Qa7 Bf5 18. exd6 exd6 19. Be4 Nb5 20. Nxb5 Bxe4 21.
Rbe1 Bd3 22. Nc7 Bxf1 23. Kxf1 Rxb2 24. Qd4 Rxf2+ 25. Kxf2 Qxc7 26. Re4 c3 27.
Qc4 Qb6+ 28. Kf1 d5 29. Qxd5 c2 30. Qc4 Qb1+ 31. Re1 Re8 0-1

[Event "12. Süder Sommerpokal"]
[Site "Recklinghausen"]
[Date "2001.08.10"]
[Round "7"]
[White "Klueting, Reiner"]
[Black "Bettendorf, Heinz"]
[Result "1-0"]
[WhiteElo "2131"]
[BlackElo "1712"]
[PlyCount "47"]
[EventDate "2001.??.??"]

1. e4 g6 2. d4 Bg7 3. Nc3 c6 4. Bc4 e6 5. e5 b5 6. Bb3 a5 7. a4 b4 8. Ne4 Bf8
9. Bg5 Qc7 10. Nf6+ Nxf6 11. Bxf6 Rg8 12. Qg4 d5 13. Qh4 h5 14. f4 Be7 15. Nf3
Bxf6 16. exf6 Ba6 17. O-O-O Nd7 18. Ne5 Nxe5 19. fxe5 c5 20. dxc5 Qxc5 21. Kb1
Rc8 22. Rc1 Qe3 23. Rhe1 Qh6 24. Qd4 1-0

[Event "12. Süder Sommerpokal"]
[Site "Recklinghausen"]
[Date "2001.08.10"]
[Round "7"]
[White "Günnewig, Hans-Norbert"]
[Black "Beyer, Thomas"]
[Result "0-1"]
[WhiteElo "2037"]
[BlackElo "1682"]
[PlyCount "76"]
[EventDate "2001.??.??"]

1. e4 c6 2. d3 d5 3. Nd2 e5 4. Ngf3 Bd6 5. Be2 Be6 6. O-O Nd7 7. Re1 Ne7 8. c3
Ng6 9. g3 h6 10. Bf1 O-O 11. d4 Qc7 12. Nxe5 Ndxe5 13. dxe5 Nxe5 14. f4 Bc5+
15. Kh1 Ng4 16. Re2 Nf2+ 17. Rxf2 Bxf2 18. f5 Bd7 19. Qf3 Bb6 20. Qh5 Qe5 21.
g4 Qf4 22. Bg2 Be3 23. Nb3 Bxc1 24. Rxc1 dxe4 25. Rf1 Qe3 26. h4 f6 27. g5 hxg5
28. hxg5 Qxg5 29. Qh3 Rae8 30. Nc5 Bc8 31. Nxe4 Qh6 32. Qxh6 gxh6 33. Rf4 Re5
34. Rg4+ Kh7 35. Ng3 Rg8 36. Bh3 Rg5 37. Kg2 Bxf5 38. Nxf5 Rexf5 0-1

[Event "12. Süder Sommerpokal"]
[Site "Recklinghausen"]
[Date "2001.08.10"]
[Round "7"]
[White "Leveikina, Jevgenija"]
[Black "Westermann, Bernhard"]
[Result "1-0"]
[WhiteElo "2021"]
[BlackElo "1650"]
[PlyCount "60"]
[EventDate "2001.??.??"]

1. d4 b6 2. c4 Bb7 3. Bf4 e6 4. e3 Nf6 5. Nf3 Bb4+ 6. Nc3 Bxc3+ 7. bxc3 Nc6 8.
Bd3 Na5 9. O-O Ba6 10. Qe2 d6 11. e4 h6 12. e5 Nh5 13. Be3 g5 14. Nd2 Ng7 15.
Ne4 Qe7 16. Nf6+ Kf8 17. c5 Bxd3 18. Qxd3 d5 19. cxb6 cxb6 20. f4 gxf4 21. Rxf4
Nc4 22. Raf1 Nf5 23. Nxd5 Qb7 24. Qxc4 Rc8 25. Qb3 Rg8 26. R1f3 b5 27. Bd2 Rc4
28. Nf6 Nh4 29. Nxg8 Nxf3+ 30. Rxf3 Qe4 1-0

[Event "12. Süder Sommerpokal"]
[Site "Recklinghausen"]
[Date "2001.08.10"]
[Round "7"]
[White "van Winsen, Joost"]
[Black "Schreck, Peter"]
[Result "1-0"]
[WhiteElo "1800"]
[BlackElo "1621"]
[PlyCount "31"]
[EventDate "2001.??.??"]

1. c4 e5 2. g3 Nf6 3. Bg2 Nc6 4. Nc3 Bb4 5. a3 Bxc3 6. bxc3 O-O 7. d4 e4 8. Qc2
d5 9. cxd5 Qxd5 10. e3 Bg4 11. c4 Qa5+ 12. Bd2 Qh5 13. h3 Bf3 14. g4 Nxg4 15.
hxg4 Qxg4 16. Bxf3 1-0

[Event "12. Süder Sommerpokal"]
[Site "Recklinghausen"]
[Date "2001.08.10"]
[Round "7"]
[White "Kiefer, Johannes"]
[Black "Ackermann, Frank"]
[Result "0-1"]
[WhiteElo "1704"]
[BlackElo "1961"]
[PlyCount "62"]
[EventDate "2001.??.??"]

1. c4 Nf6 2. Nc3 c6 3. d4 d5 4. Bf4 dxc4 5. a4 Bf5 6. f3 Nd5 7. Bxb8 Ne3 8. Qc1
Qxd4 9. Qd2 Nc2+ 10. Kd1 Qxd2+ 11. Kxd2 Nxa1 12. Bf4 Nb3+ 13. Ke1 Bc2 14. e4
Bd3 15. Nge2 e6 16. g3 Bb4 17. Bh3 O-O 18. Be5 Rfd8 19. f4 Bxe4 20. Rf1 Bc2 21.
f5 Rd1+ 22. Kf2 Rxf1+ 23. Kxf1 Bxf5 24. Bxf5 exf5 25. Nf4 f6 26. Bc7 Rc8 27.
Na2 Bd2 28. Bd6 Rd8 29. Be7 Rd7 30. Ba3 a5 31. Ne2 b5 0-1

[Event "12. Süder Sommerpokal"]
[Site "Recklinghausen"]
[Date "2001.08.10"]
[Round "7"]
[White "Biendara, Michael"]
[Black "Fuhrmann, Marc Andre"]
[Result "0-1"]
[WhiteElo "1912"]
[BlackElo "1616"]
[PlyCount "80"]
[EventDate "2001.??.??"]

1. d4 d5 2. c3 Nf6 3. Bg5 e6 4. Nd2 Be7 5. Ngf3 Nbd7 6. e3 O-O 7. Bd3 c5 8. O-O
b6 9. Re1 Bb7 10. Rc1 Ne4 11. Bxe7 Qxe7 12. h3 Kh8 13. Nf1 f5 14. Bb5 Rac8 15.
Bxd7 Qxd7 16. Ne5 Qe7 17. Nh2 Qh4 18. Rf1 Ba6 19. Nef3 Qh6 20. Re1 g5 21. Qa4
g4 22. Qxa6 gxf3 23. Nxf3 Rg8 24. Kf1 Qg6 25. g3 Nxg3+ 26. fxg3 Qxg3 27. Re2
Qxf3+ 28. Ke1 c4 29. Kd2 Qe4 30. Rce1 Rc7 31. Qa4 Rcg7 32. Kc1 Qh4 33. Qc6 Rg1
34. Rxg1 Rxg1+ 35. Kd2 Qe4 36. Qe8+ Rg8 37. Qf7 Qd3+ 38. Ke1 Qb1+ 39. Kd2 Qxb2+
40. Ke1 Qc1+ 0-1

[Event "12. Süder Sommerpokal"]
[Site "Recklinghausen"]
[Date "2001.08.10"]
[Round "7"]
[White "Lüder, Thomas"]
[Black "Thimm, Gerd"]
[Result "1/2-1/2"]
[WhiteElo "1836"]
[BlackElo "1634"]
[PlyCount "52"]
[EventDate "2001.??.??"]

1. e4 e6 2. b3 c5 3. Bb2 Nc6 4. Nf3 d6 5. Be2 Nf6 6. d3 Be7 7. O-O Qc7 8. Qd2
Bd7 9. c3 Ne5 10. Nxe5 dxe5 11. c4 Bd6 12. Qg5 Rg8 13. Nd2 h6 14. Qe3 O-O-O 15.
Rfc1 g5 16. a3 g4 17. Bd1 Nh5 18. b4 f5 19. Nb3 b6 20. b5 Be7 21. Qe1 Nf4 22.
Bc2 Be8 23. Rd1 Bf6 24. a4 Bh5 25. g3 Nh3+ 26. Kg2 f4 1/2-1/2

[Event "12. Süder Sommerpokal"]
[Site "Recklinghausen"]
[Date "2001.08.10"]
[Round "7"]
[White "Samisch, Romuald"]
[Black "Würtele, Armin"]
[Result "0-1"]
[WhiteElo "1677"]
[BlackElo "1834"]
[PlyCount "50"]
[EventDate "2001.??.??"]

1. Nf3 c5 2. g3 Nc6 3. Bg2 d6 4. c4 g6 5. Nc3 Bg7 6. O-O e5 7. d3 Nge7 8. Rb1
f5 9. e3 h6 10. a3 O-O 11. Bd2 Be6 12. Qc2 g5 13. b4 Qd7 14. b5 Nd8 15. Ne2 Ng6
16. Rfd1 f4 17. exf4 gxf4 18. Qc1 Bg4 19. gxf4 Ne6 20. h3 Bh5 21. Ng3 Nexf4 22.
Bxf4 Nxf4 23. Kh2 Nxg2 24. Nxh5 Rxf3 25. Kxg2 Qxh3+ 0-1

[Event "12. Süder Sommerpokal"]
[Site "Recklinghausen"]
[Date "2001.08.10"]
[Round "7"]
[White "Oberste, Norbert"]
[Black "Wachovius, Hans-Werner"]
[Result "0-1"]
[WhiteElo "1624"]
[BlackElo "1824"]
[PlyCount "158"]
[EventDate "2001.??.??"]

1. f4 d5 2. d4 g6 3. Nf3 Bg7 4. e3 Nf6 5. Bd3 O-O 6. O-O e6 7. Nbd2 b6 8. Ne5
Bb7 9. b3 c5 10. Ba3 Nbd7 11. Qe2 Qc7 12. Ba6 Rfd8 13. Bxb7 Qxb7 14. Ndf3 Ne4
15. Bb2 f6 16. Nd3 a5 17. Nf2 Nd6 18. Nd2 f5 19. c4 a4 20. Nf3 a3 21. Bc3 b5
22. Rab1 b4 23. Ba1 dxc4 24. dxc5 Bxa1 25. cxd6 Bc3 26. Qxc4 Nf8 27. Rfd1 Ra6
28. Qc7 Qa8 29. Ng5 Ra7 30. Qc4 Rc8 31. Qd3 h6 32. Nf3 Ra5 33. d7 Rd8 34. Qc4
Rd5 35. e4 Rxd1+ 36. Rxd1 Qa7 37. exf5 gxf5 38. Nh4 Kg7 39. Kf1 Rxd7 40. Rxd7+
Qxd7 41. Qd3 Kf6 42. Ke2 Qc7 43. g3 Nd7 44. Nd1 Ba1 45. Ne3 Nb6 46. Nc2 Bc3 47.
Nd4 Qc5 48. Nb5 Nd5 49. Nf3 Bb2 50. Kf1 Qc1+ 51. Kg2 Qc2+ 52. Qxc2 Ne3+ 53. Kf2
Nxc2 54. Ke2 Na1 55. Nd2 Bc3 56. Nxc3 bxc3 57. Nc4 Nxb3 58. Kd3 c2 59. Kxc2
Nd4+ 60. Kc3 Nf3 61. h4 h5 62. Kd3 e5 63. fxe5+ Nxe5+ 64. Nxe5 Kxe5 65. Ke3 Ke6
66. Kd4 Kd6 67. Ke3 Ke5 68. Kd3 f4 69. gxf4+ Kxf4 70. Kd4 Kg4 71. Ke4 Kxh4 72.
Kf4 Kh3 73. Kf3 h4 74. Kf2 Kg4 75. Kg2 Kf4 76. Kh3 Ke3 77. Kxh4 Kd3 78. Kg3 Kc3
79. Kf3 Kb2 0-1

[Event "12. Süder Sommerpokal"]
[Site "Recklinghausen"]
[Date "2001.08.10"]
[Round "7"]
[White "Diebig, Maja"]
[Black "Steinhagen, Dietrich"]
[Result "1/2-1/2"]
[WhiteElo "1612"]
[BlackElo "1819"]
[PlyCount "68"]
[EventDate "2001.??.??"]

1. d4 d5 2. c4 e6 3. Nc3 Nf6 4. cxd5 exd5 5. Bg5 Be7 6. e3 c6 7. Qc2 Bg4 8. Bd3
Bh5 9. Nge2 Bg6 10. O-O Bxd3 11. Qxd3 O-O 12. Bxf6 Bxf6 13. b4 Be7 14. b5 Nd7
15. Rfc1 Nb6 16. bxc6 bxc6 17. Rab1 Qd7 18. Ng3 f5 19. Nce2 g6 20. Nf1 Bd6 21.
Nd2 Rfc8 22. Rc2 Rc7 23. Rbc1 Nc8 24. Qa6 Ne7 25. Nb3 Rb8 26. Nc5 Bxc5 27. Rxc5
Rb6 28. Qa4 Rcb7 29. Nf4 Rb1 30. Nd3 Qd6 31. g3 Qb8 32. Kg2 Rxc1 33. Rxc1 Rb1
34. Qc2 Rb6 1/2-1/2

[Event "12. Süder Sommerpokal"]
[Site "Recklinghausen"]
[Date "2001.08.10"]
[Round "7"]
[White "Verfürth, Christian"]
[Black "Lietz, Werner"]
[Result "1-0"]
[WhiteElo "1807"]
[BlackElo "1587"]
[PlyCount "97"]
[EventDate "2001.??.??"]

1. d4 c5 2. d5 d6 3. e4 f5 4. Nc3 e5 5. dxe6 fxe4 6. Bc4 Nf6 7. Nh3 Nc6 8. Ng5
Ne5 9. Bb5+ Ke7 10. Ngxe4 Nxe4 11. Nxe4 Qa5+ 12. Nc3 Bxe6 13. O-O a6 14. Be2
Kd7 15. f4 Nc6 16. f5 Bf7 17. Bg4 Kc7 18. Nd5+ Kb8 19. Bf4 c4 20. Bf3 Ne5 21.
Bxe5 dxe5 22. Kh1 Ka7 23. b4 cxb3 24. axb3 Qc5 25. c4 Rd8 26. Qe2 Bxd5 27. Bxd5
Bd6 28. b4 Qc7 29. b5 a5 30. b6+ Qxb6 31. Rfb1 Bb4 32. Qxe5 Rhe8 33. Qxg7 Rc8
34. g4 Rc7 35. Qb2 Rce7 36. h3 Re2 37. Qxb4 Qxb4 38. Rxb4 Re1+ 39. Kg2 Rxa1 40.
Rxb7+ Ka6 41. f6 Ra2+ 42. Kg3 Ra3+ 43. Kh4 h6 44. f7 Rf8 45. Re7 Rb3 46. c5
Rbb8 47. Bc4+ Rb5 48. c6 Kb6 49. c7 1-0

[Event "12. Süder Sommerpokal"]
[Site "Recklinghausen"]
[Date "2001.08.10"]
[Round "7"]
[White "Hoecker, Horst"]
[Black "Meyer, Jürgen"]
[Result "1/2-1/2"]
[WhiteElo "1506"]
[BlackElo "1801"]
[PlyCount "83"]
[EventDate "2001.??.??"]

1. c4 Nf6 2. Nc3 g6 3. e4 d6 4. d4 Bg7 5. f3 c6 6. Be3 Na6 7. a3 Nc7 8. Qd2 a6
9. d5 c5 10. Bd3 Rb8 11. Nge2 Bd7 12. b4 b5 13. bxc5 bxc4 14. Bxc4 dxc5 15. O-O
Bb5 16. Bxb5+ Nxb5 17. Nxb5 Rxb5 18. Rac1 Nd7 19. Rc2 Qb6 20. Rfc1 O-O 21. g3
Rb8 22. Nc3 Rb3 23. Na4 Qf6 24. f4 R8b5 25. Nxc5 Nxc5 26. Rxc5 Rxc5 27. Rxc5 h5
28. Rc6 Qa1+ 29. Rc1 Qxa3 30. Bc5 Qa4 31. e5 h4 32. Bxe7 hxg3 33. d6 Qd7 34.
Bh4 Qa7+ 35. Kg2 Qb7+ 36. Kg1 Qb6+ 37. Kg2 Qb7+ 38. Kg1 Qb6+ 39. Kg2 Qb7+ 40.
Kg1 Qa7+ 41. Kg2 Qb7+ 42. Kg1 1/2-1/2

[Event "12. Süder Sommerpokal"]
[Site "Recklinghausen"]
[Date "2001.08.10"]
[Round "7"]
[White "Hebestreit, Andreas"]
[Black "Shalimov, Vitalij"]
[Result "0-1"]
[WhiteElo "1776"]
[BlackElo "1409"]
[PlyCount "112"]
[EventDate "2001.??.??"]

1. d4 Nf6 2. Nf3 d6 3. c4 g6 4. Nc3 Bg7 5. e4 Bg4 6. Be3 Nfd7 7. h3 Bxf3 8.
Qxf3 Nc6 9. Qd1 a6 10. d5 Na7 11. Qd2 h5 12. Rc1 c5 13. Be2 Rb8 14. O-O b5 15.
b3 Nf6 16. Qc2 b4 17. Na4 Qc7 18. e5 Nh7 19. e6 f5 20. Bxh5 gxh5 21. Qxf5 Nf6
22. Qg6+ Kd8 23. Qxg7 Rg8 24. Qh6 Kc8 25. Qf4 Qd8 26. Rfd1 Qe8 27. Qf5 Rf8 28.
Qd3 Rg8 29. Bf4 Rb7 30. Rc2 Qf8 31. g3 h4 32. Kh2 hxg3+ 33. Bxg3 Qh6 34. Kg2
Nh5 35. Kh1 Nf4 36. Bxf4 Qxf4 37. Rg1 Rh8 38. Qg3 Qe4+ 39. Kh2 Qxc2 40. Rg2
Qxa2 41. Nxc5 dxc5 42. d6 exd6 43. Qxd6 Qa5 44. Rg5 Qd8 45. Rxc5+ Rc7 46. Qxa6+
Kb8 47. Qb6+ Rb7 48. Qxd8+ Rxd8 49. f4 Rc7 50. Re5 Nc6 51. Re3 Rf8 52. Kg3 Re7
53. Kg4 Nd4 54. h4 Rg8+ 55. Kh3 Rxe6 56. Rd3 Re4 0-1

[Event "12. Süder Sommerpokal"]
[Site "Recklinghausen"]
[Date "2001.08.10"]
[Round "7"]
[White "Arfert, Peter"]
[Black "Becker, Peter"]
[Result "1-0"]
[WhiteElo "1469"]
[BlackElo "1730"]
[PlyCount "141"]
[EventDate "2001.??.??"]

1. d4 d5 2. Bf4 Nf6 3. h3 e6 4. Nf3 Nbd7 5. e3 Be7 6. Nbd2 O-O 7. c3 Re8 8. Bd3
c5 9. a4 b6 10. Ne5 Nxe5 11. dxe5 Nd7 12. Qh5 Nf8 13. Nf3 Bb7 14. Bb5 Nd7 15.
Ng5 Bxg5 16. Bxg5 Qc7 17. Bf4 a6 18. Bd3 g6 19. Qg5 c4 20. Bc2 Nc5 21. f3 Qe7
22. h4 b5 23. h5 Qxg5 24. Bxg5 bxa4 25. hxg6 fxg6 26. Bf6 Reb8 27. Be7 Nb3 28.
Rxa4 Bc6 29. Rb4 a5 30. Rxb8+ Rxb8 31. Kf2 a4 32. Bb4 d4 33. Bxb3 dxe3+ 34.
Kxe3 cxb3 35. Rh4 Rb5 36. Bd6 Rd5 37. Rd4 Ra5 38. g3 a3 39. bxa3 b2 40. Rd1 Rb5
41. Rb1 g5 42. f4 gxf4+ 43. gxf4 Kf7 44. Bb4 Kg6 45. Rxb2 Kf5 46. c4 Rb7 47.
Rh2 Kg4 48. Rh6 Rf7 49. Rxe6 Rc7 50. Ba5 Rc8 51. Re7 h5 52. Rg7+ Kf5 53. Rg5+
Ke6 54. Rxh5 Rg8 55. Bb4 Be8 56. Rh6+ Kf5 57. Rf6+ Kg4 58. Rf8 Rxf8 59. Bxf8
Kf5 60. Bd6 Bc6 61. Kd4 Ke6 62. Kc5 Be4 63. a4 Kd7 64. Kb6 Bc6 65. a5 Be4 66.
a6 Kc8 67. a7 Kd7 68. c5 Kc8 69. f5 Kd7 70. f6 Ke6 71. c6 1-0

[Event "12. Süder Sommerpokal"]
[Site "Recklinghausen"]
[Date "2001.08.10"]
[Round "7"]
[White "Zhang, Fan"]
[Black "Wormuth, Marcus"]
[Result "0-1"]
[WhiteElo "1567"]
[BlackElo "1911"]
[PlyCount "82"]
[EventDate "2001.??.??"]

1. d4 Nf6 2. c4 c5 3. d5 b5 4. cxb5 a6 5. Nc3 axb5 6. Nxb5 d6 7. Nf3 Qa5+ 8.
Nc3 Ba6 9. Bd2 Qb6 10. Qc2 Bc4 11. e4 Bxf1 12. Kxf1 Nbd7 13. g3 g6 14. Kg2 Bg7
15. Rhe1 O-O 16. a3 Qb7 17. Rab1 Nb6 18. Qc1 Rfc8 19. Bh6 Bh8 20. h3 Nfd7 21.
Qc2 Nc4 22. Nd2 Nde5 23. Nxc4 Nxc4 24. Nd1 Qb5 25. Ne3 Na5 26. Qe2 c4 27. Nc2
Nb3 28. Be3 Rab8 29. Nb4 Qa4 30. Qc2 Rb7 31. Bd2 Qb5 32. Bc3 f6 33. Qe2 Nc5 34.
Rec1 Nd3 35. Nxd3 cxd3 36. Qd2 f5 37. f3 Rbc7 38. Bxh8 Rc2 39. Rxc2 Rxc2 40.
Qxc2 dxc2 41. Rc1 Qe2+ 0-1

[Event "12. Süder Sommerpokal"]
[Site "Recklinghausen"]
[Date "2001.08.10"]
[Round "7"]
[White "Lauche, Christoph"]
[Black "König, Daniela"]
[Result "1/2-1/2"]
[WhiteElo "1785"]
[BlackElo "1492"]
[PlyCount "38"]
[EventDate "2001.??.??"]

1. f4 d5 2. e4 dxe4 3. Nc3 Nf6 4. Qe2 Nc6 5. Nxe4 Nxe4 6. Qxe4 e6 7. Bb5 Bd7 8.
c3 Bd6 9. d4 O-O 10. Nf3 Qf6 11. O-O Rab8 12. Bd2 Rfd8 13. Bd3 g6 14. Ne5 Qg7
15. Rae1 f5 16. Qe2 Nxe5 17. fxe5 Be7 18. Bc4 Qf7 19. Bb3 Bc6 1/2-1/2

[Event "12. Süder Sommerpokal"]
[Site "Recklinghausen"]
[Date "2001.08.10"]
[Round "7"]
[White "Jungbluth, Michael"]
[Black "Bömelburg, Jürgen"]
[Result "0-1"]
[WhiteElo "1465"]
[BlackElo "1778"]
[PlyCount "60"]
[EventDate "2001.??.??"]

1. d4 d5 2. c4 Nc6 3. Nf3 Bg4 4. Nc3 Bxf3 5. exf3 e6 6. Be3 Bb4 7. Bd3 Qf6 8.
cxd5 exd5 9. Bb5 Nge7 10. O-O Bxc3 11. bxc3 O-O 12. Qd2 a6 13. Bg5 Qd6 14. Bf4
Qd7 15. Ba4 Ng6 16. Bg3 f5 17. Rfe1 f4 18. Re2 fxg3 19. fxg3 Rfe8 20. Rae1 Rxe2
21. Qxe2 Kf8 22. Qb2 b5 23. Bb3 Re8 24. Rd1 a5 25. Qa3+ Qe7 26. Qb2 Qe3+ 27.
Kf1 b4 28. Bxd5 bxc3 29. Qa3+ Nb4 30. Be4 c2 0-1

[Event "12. Süder Sommerpokal"]
[Site "Recklinghausen"]
[Date "2001.08.10"]
[Round "7"]
[White "Hoffmann, Mathias"]
[Black "Bergmann, Josef"]
[Result "1-0"]
[WhiteElo "1306"]
[BlackElo "1774"]
[PlyCount "65"]
[EventDate "2001.??.??"]

1. Nf3 f5 2. d4 Nf6 3. c4 e6 4. Nc3 Bb4 5. Bg5 b6 6. e3 Bb7 7. Be2 O-O 8. Rc1
Qe8 9. Bxf6 Rxf6 10. O-O Bxc3 11. Rxc3 d6 12. d5 e5 13. b4 Nd7 14. Qc2 Qf7 15.
e4 fxe4 16. Ng5 Qe7 17. Nxe4 Rh6 18. Bg4 Nf8 19. Rd1 Rh4 20. Bf3 Rd8 21. c5
dxc5 22. bxc5 Bxd5 23. Rxd5 Rxd5 24. Nf6+ Qxf6 25. Bxd5+ Kh8 26. cxb6 cxb6 27.
Rc7 Qd6 28. Rc8 Rd4 29. Bb3 Rf4 30. g3 Rd4 31. Qf5 Rd1+ 32. Kg2 Qd8 33. Qxf8+
1-0

[Event "12. Süder Sommerpokal"]
[Site "Recklinghausen"]
[Date "2001.08.10"]
[Round "7"]
[White "Grofig, Patrick"]
[Black "Rolle, Harald"]
[Result "1-0"]
[WhiteElo "1719"]
[BlackElo "1418"]
[PlyCount "75"]
[EventDate "2001.??.??"]

1. d4 Nf6 2. c4 e6 3. Nc3 c5 4. d5 exd5 5. cxd5 d6 6. e4 g6 7. Bf4 a6 8. a4 Nh5
9. Bg3 Bg7 10. Be2 Nxg3 11. hxg3 Qa5 12. Qd2 b5 13. Ra2 b4 14. Nd1 Qc7 15. Nf3
a5 16. b3 O-O 17. Ng5 h6 18. Nh3 Qe7 19. f3 Nd7 20. Rc2 Re8 21. Nhf2 f5 22.
exf5 Ba6 23. fxg6 Bxe2 24. Qxe2 Qg5 25. Ne4 Qxd5 26. Qc4 Qxc4 27. bxc4 Nb6 28.
Kf2 Red8 29. f4 Nxa4 30. f5 Ra6 31. Ne3 Re8 32. Kf3 Rf8 33. g4 Rc6 34. Nd5 Ra6
35. Ne7+ Kh8 36. g5 Ra7 37. gxh6 Re8 38. hxg7+ 1-0

[Event "12. Süder Sommerpokal"]
[Site "Recklinghausen"]
[Date "2001.08.10"]
[Round "7"]
[White "Nebel, Rudi"]
[Black "Nioduschewski, Nils"]
[Result "1-0"]
[WhiteElo "1640"]
[BlackElo "1212"]
[PlyCount "38"]
[EventDate "2001.??.??"]

1. d4 d5 2. c4 e6 3. Nc3 Nf6 4. cxd5 exd5 5. Bg5 Bb4 6. e3 c6 7. Bd3 O-O 8.
Nge2 Be6 9. O-O Nbd7 10. f3 h6 11. Bh4 Qc7 12. Rc1 Qd6 13. e4 Bxc3 14. Rxc3 Qb4
15. e5 Ne8 16. a3 Qxb2 17. Rb3 Qa2 18. Nc3 Qxb3 19. Qxb3 Rb8 1-0